000 00472nam a22001817a 4500
003 koha_MIRAKIL
005 20231213100014.0
008 231213b |||||||| |||| 00| 0 ||| d
020 _b978-9-75705587-7
040 _aTR-IsEVY
_btur
_cTR-IsEVY
082 _a813.42 KAV/K
100 _aKavaklı, Ali Erkan.
245 0 _aKader kapımı çaldı
_bsınıfta kavga var
250 _a5. bs.
260 _bNesil Yayınları,
_c2010
300 _a318 s.
942 _2ddc
_cBK
999 _c12968
_d12968